000 00751cam a22002651 4500
001 8938651
003 OSt
005 20140310181655.0
008 720505s1966 xx 000 0 eng
010 _a 66012856
020 _a0590404520
035 _a(OCoLC)301873
040 _aDLC
_cODaWU
_dDLC
042 _apremarc
050 0 0 _aPZ 7
_b.Sp741 1966
082 _aKF
_bSp3g 1966
100 1 _aSpearing, Judith.
_95215
245 1 0 _aGhosts who went to school. /
_cJudith Spearing.
260 _bScholastic,
_cc1966.
_aNew york,
300 _a183 p. :
_bill. ;
_c19 cm.
541 _j1
562 _efor circulation. 1 copy available in the collection
906 _a7
_bcbc
_coclcrpl
_du
_encip
_f19
_gy-gencatlg
942 _2lcc
_cBK-KF
_kKF
999 _c1075
_d1075